| 000 | 00442nam a2200181Ia 4500 | ||
|---|---|---|---|
| 005 | 20250603145915.0 | ||
| 008 | 250603s9999 xx 000 0 und d | ||
| 020 | _a8175343982 | ||
| 050 | _aKM 201 .V4/ | ||
| 100 | _aVerma, J.S | ||
| 245 | 4 | _aThe new universe of human right: human dignity is the quintessence | |
| 260 | _aNew Delhi | ||
| 260 | _bUniversal | ||
| 260 | _c2011 | ||
| 300 | _a377 p | ||
| 650 | _aNew Delhi | ||
| 942 | _cBK | ||
| 999 |
_c43206 _d43206 |
||